[Event "Yerevan Asrian Memorial 8th"]
[Site "Yerevan"]
[Date "2015.06.23"]
[Round "8"]
[White "Manukyan, Sargis V"]
[Black "Mnatsakanian, Eduard A"]
[Result "1-0"]
[WhiteElo "2296"]
[BlackElo "2101"]
[PlyCount "39"]
[EventDate "2015.06.16"]
[EventType "swiss"]
[EventRounds "9"]
[EventCountry "ARM"]
[SourceTitle "CBM 167 Extra"]
[Source "ChessBase"]
[SourceDate "2015.09.14"]
[SourceVersion "1"]
[SourceVersionDate "2015.09.14"]
[SourceQuality "1"]

1. d4 d5 2. c4 dxc4 3. e3 e5 4. Bxc4 exd4 5. exd4 Nf6 6. Nf3 Be7 7. 0-0 0-0 8. h3 Nbd7 9. Nc3 Nb6 10. Bb3 c6 11. Re1 Nbd5 12. Qd3 Re8 13. a3 Qd6 14. Ne5 Be6 15. Bc2 Rad8 16. Bg5 g6 17. Qf3 Nxc3 18. bxc3 Bc8 19. Nc4 Qd5 20. Rxe7 1-0

[Event "Yerevan Asrian Memorial 8th"]
[Site "Yerevan"]
[Date "2015.06.18"]
[Round "3"]
[White "Mnatsakanian, Eduard A"]
[Black "Hambardzumian, Yuri"]
[Result "1/2-1/2"]
[WhiteElo "2101"]
[BlackElo "2322"]
[PlyCount "81"]
[EventDate "2015.06.16"]
[EventType "swiss"]
[EventRounds "9"]
[EventCountry "ARM"]
[SourceTitle "CBM 167 Extra"]
[Source "ChessBase"]
[SourceDate "2015.09.14"]
[SourceVersion "1"]
[SourceVersionDate "2015.09.14"]
[SourceQuality "1"]

1. e4 c5 2. Nf3 e6 3. d4 cxd4 4. Nxd4 Nc6 5. Nc3 d6 6. g3 a6 7. Bg2 Bd7 8. 0-0 Be7 9. b3 Nxd4 10. Qxd4 Bf6 11. Qd3 Rc8 12. Bb2 Qc7 13. Nd1 Qxc2 14. Qxc2 Rxc2 15. e5 Bxe5 16. Bxe5 dxe5 17. Bxb7 Bb5 18. Re1 Nf6 19. Rxe5 Nd7 20. Re3 Nc5 21. Bg2 Ke7 22. Rc3 Rxc3 23. Nxc3 Bd7 24. Ne4 Rc8 25. Rc1 Nxe4 26. Rxc8 Bxc8 27. Bxe4 Kd6 28. Kf1 f5 29. Bd3 Kc5 30. Ke2 e5 31. Kd2 Kd4 32. b4 g5 33. a4 e4 34. Bf1 f4 35. gxf4 gxf4 36. a5 e3+ 37. fxe3+ fxe3+ 38. Ke1 Kc3 39. b5 axb5 40. Bxb5 Kb4 41. Bd3 1/2-1/2

[Event "Jermuk Asrian Memorial 7th"]
[Site "Jermuk"]
[Date "2014.06.20"]
[Round "5"]
[White "Mnatsakanian, Eduard A"]
[Black "Hambardzumian, Yuri"]
[Result "0-1"]
[WhiteElo "2143"]
[BlackElo "2336"]
[PlyCount "94"]
[EventDate "2014.06.16"]
[EventType "swiss"]
[EventRounds "9"]
[EventCountry "ARM"]
[SourceTitle "CBM 160 Extra"]
[Source "ChessBase"]
[SourceDate "2014.07.01"]
[SourceVersion "1"]
[SourceVersionDate "2014.07.01"]
[SourceQuality "1"]

1. e4 e5 2. Nf3 Nc6 3. Bb5 a6 4. Ba4 Nf6 5. d4 exd4 6. 0-0 Be7 7. e5 Ne4 8. Nxd4 Nc5 9. Bxc6 dxc6 10. Nc3 0-0 11. Bf4 Ne6 12. Nxe6 Qxd1 13. Nxd1 Bxe6 14. Ne3 a5 15. a4 b5 16. Rfd1 f5 17. exf6 Bxf6 18. Bxc7 Rfc8 19. Bb6 Bxb2 20. Rab1 Bf6 21. Bd4 Bxd4 22. Rxd4 Rab8 23. f3 h6 24. Rbd1 Kf7 25. Rf4+ Ke7 26. Nf5+ Bxf5 27. Rxf5 Ke6 28. Rc5 bxa4 29. Rxa5 Ra8 30. Rxa8 Rxa8 31. Kf2 a3 32. Ke3 a2 33. Ra1 Kd5 34. Kd3 Ra3+ 35. c3 Kc5 36. h4 Kd5 37. h5 Kc5 38. f4 Kd5 39. g4 c5 40. g5 c4+ 41. Kc2 Ke4 42. gxh6 gxh6 43. Kb2 Ra5 44. Rxa2 Rxa2+ 45. Kxa2 Kxf4 46. Ka3 Ke3 47. Ka4 Kd2 0-1

[Event "Jermuk Asrian Memorial 7th"]
[Site "Jermuk"]
[Date "2014.06.19"]
[Round "4"]
[White "Mnatsakanian, Eduard A"]
[Black "Kotanjian, Tigran"]
[Result "1-0"]
[WhiteElo "2143"]
[BlackElo "2546"]
[PlyCount "67"]
[EventDate "2014.06.16"]
[EventType "swiss"]
[EventRounds "9"]
[EventCountry "ARM"]
[SourceTitle "CBM 160 Extra"]
[Source "ChessBase"]
[SourceDate "2014.07.01"]
[SourceVersion "1"]
[SourceVersionDate "2014.07.01"]
[SourceQuality "1"]

1. e4 c5 2. Nf3 d6 3. d4 cxd4 4. Bb5+ Bd7 5. Bxd7+ Qxd7 6. Nxd4 Nf6 7. Nc3 g6 8. 0-0 Bg7 9. Nd5 Nc6 10. Nxf6+ Bxf6 11. c3 Nxd4 12. cxd4 0-0 13. Be3 Rfc8 14. Qb3 Qc6 15. f3 Qb6 16. Qxb6 axb6 17. Rac1 Rxc1 18. Rxc1 Rxa2 19. Rc7 Rxb2 20. e5 dxe5 21. Bh6 Rb1+ 22. Kf2 Bh4+ 23. g3 Rb2+ 24. Kg1 f6 25. d5 Kf7 26. d6 Ke8 27. Rxe7+ Kd8 28. gxh4 Rb1+ 29. Kf2 Rd1 30. Re6 b5 31. Ke2 Rh1 32. Re7 Rxh2+ 33. Kd3 Rb2 34. Ke4 1-0

[Event "Jermuk Asrian Memorial 7th"]
[Site "Jermuk"]
[Date "2014.06.16"]
[Round "1"]
[White "Pashikian, Arman"]
[Black "Mnatsakanian, Eduard A"]
[Result "1-0"]
[WhiteElo "2630"]
[BlackElo "2143"]
[PlyCount "63"]
[EventDate "2014.06.16"]
[EventType "swiss"]
[EventRounds "9"]
[EventCountry "ARM"]
[SourceTitle "CBM 160 Extra"]
[Source "ChessBase"]
[SourceDate "2014.07.01"]
[SourceVersion "1"]
[SourceVersionDate "2014.07.01"]
[SourceQuality "1"]

1. d4 d5 2. Nf3 Nf6 3. c4 dxc4 4. e3 a6 5. Bxc4 b5 6. Be2 Bb7 7. 0-0 e6 8. a4 c6 9. Nbd2 Nbd7 10. Nb3 Bd6 11. Qc2 Rc8 12. Nc5 Nxc5 13. dxc5 Bb8 14. e4 Qe7 15. b4 e5 16. Nh4 0-0 17. Nf5 Qe6 18. Rd1 Rcd8 19. Bg5 h6 20. Bh4 Bc7 21. Ra3 Rxd1+ 22. Bxd1 Kh7 23. Qb1 Ng8 24. Rg3 g6 25. Bb3 Qe8 26. Nd6 Bxd6 27. cxd6 Bc8 28. Rd3 Bd7 29. Qc1 Kg7 30. Qc5 Nf6 31. f3 h5 32. Qa7 1-0

[Event "EU-ch 15th"]
[Site "Yerevan"]
[Date "2014.03.08"]
[Round "6"]
[White "Mnatsakanian, Eduard A"]
[Black "Ali Marandi, Cemil Can"]
[Result "0-1"]
[WhiteElo "2144"]
[BlackElo "2380"]
[PlyCount "90"]
[EventDate "2014.03.03"]
[EventType "swiss"]
[EventRounds "11"]
[EventCountry "ARM"]
[SourceTitle "CBM 160"]
[Source "ChessBase"]
[SourceDate "2014.05.15"]
[SourceVersion "1"]
[SourceVersionDate "2014.05.15"]
[SourceQuality "1"]

1. e4 e6 2. d4 d5 3. Nc3 Nc6 4. Nf3 Nf6 5. e5 Ne4 6. Bd3 Bb4 7. Bd2 Nxd2 8. Qxd2 Bd7 9. a3 Be7 10. 0-0 0-0 11. Nd1 f6 12. exf6 Bxf6 13. Ne3 Be8 14. c3 Bh5 15. Qc2 Bxf3 16. Bxh7+ Kh8 17. gxf3 Bxd4 18. Ng2 Be5 19. f4 Bxf4 20. Qd3 Qg5 21. Qh3 Qh6 22. Qxh6 Bxh6 23. Bd3 Ne5 24. Be2 Rae8 25. f4 Ng6 26. Bh5 Rf6 27. Rae1 Ref8 28. Bxg6 Rxg6 29. Kh1 Rgf6 30. Kg1 Kg8 31. Rf3 c6 32. h3 Kf7 33. Re5 Ke7 34. Rfe3 Kd7 35. Re2 Rg6 36. f5 Rxf5 37. Rxf5 exf5 38. Kf2 Re6 39. Rc2 c5 40. Nh4 g5 41. Nf3 g4 42. hxg4 fxg4 43. Nh4 Bg5 44. Ng2 Re4 45. Kg3 Ke6 0-1

[Event "EU-ch 15th"]
[Site "Yerevan"]
[Date "2014.03.05"]
[Round "3"]
[White "Hakobyan, Hovhannes H"]
[Black "Mnatsakanian, Eduard A"]
[Result "0-1"]
[WhiteElo "1869"]
[BlackElo "2144"]
[PlyCount "87"]
[EventDate "2014.03.03"]
[EventType "swiss"]
[EventRounds "11"]
[EventCountry "ARM"]
[SourceTitle "CBM 160"]
[Source "ChessBase"]
[SourceDate "2014.05.15"]
[SourceVersion "1"]
[SourceVersionDate "2014.05.15"]
[SourceQuality "1"]

1. e4 Nf6 2. e5 Nd5 3. Nc3 Nb6 4. a4 a5 5. d4 d6 6. Nf3 g6 7. Bd3 Bg7 8. 0-0 0-0 9. h3 Nc6 10. exd6 exd6 11. Bg5 f6 12. Bh4 Nb4 13. Ne2 Nxd3 14. Qxd3 Bf5 15. Qb3+ d5 16. Ng3 Bd7 17. Ne4 Bxa4 18. Qa2 Bb5 19. Nc5 Bxf1 20. Rxf1 Qc8 21. Bg3 Re8 22. Qb3 Nc4 23. Qc3 c6 24. b3 Nb6 25. Qd3 Nd7 26. Na4 b5 27. Nc3 Nb6 28. Bd6 Bf8 29. Bg3 a4 30. bxa4 Nxa4 31. Ne2 Nb2 32. Qd2 Nc4 33. Qd1 Qf5 34. Nf4 Bd6 35. Nh4 Qe4 36. Nh5 gxh5 37. Qxh5 Bxg3 38. fxg3 Qe3+ 39. Kh2 Qg5 40. Qf3 Nd2 41. Qxf6 Nxf1+ 42. Qxf1 Rf8 43. Nf3 Qe3 44. c4 0-1

[Event "Jermuk Asrian Memorial 6th"]
[Site "Jermuk"]
[Date "2013.06.16"]
[Round "1"]
[White "Andriasian, Zaven"]
[Black "Mnatsakanian, Eduard A"]
[Result "1-0"]
[WhiteElo "2610"]
[BlackElo "2156"]
[PlyCount "79"]
[EventDate "2013.06.16"]
[EventType "swiss"]
[EventRounds "9"]
[EventCountry "ARM"]
[SourceTitle "CBM 155 Extra"]
[Source "ChessBase"]
[SourceDate "2013.08.26"]
[SourceVersion "1"]
[SourceVersionDate "2013.08.26"]
[SourceQuality "1"]

1. e4 Nf6 2. Nc3 d5 3. exd5 Nxd5 4. Bc4 Nxc3 5. bxc3 e6 6. Nf3 Bd6 7. d4 0-0 8. 0-0 Nd7 9. Bd3 e5 10. Bg5 f6 11. Bh4 Re8 12. Re1 exd4 13. cxd4 Rxe1+ 14. Qxe1 Nf8 15. Rb1 Qe7 16. Qxe7 Bxe7 17. Bc4+ Be6 18. Bxe6+ Nxe6 19. Rxb7 Bd6 20. Bg3 Nd8 21. Rb3 Bxg3 22. hxg3 c6 23. Ra3 Kf7 24. Kf1 Ke7 25. Ke2 Kd7 26. Kd3 Kc7 27. Nd2 Ne6 28. Kc4 Nd8 29. Ne4 Nb7 30. Ra6 Re8 31. Nc5 Nd6+ 32. Kd3 Nc8 33. Kd2 Re7 34. g4 h6 35. c4 Re8 36. f4 Re7 37. f5 Rf7 38. Ne6+ Kd7 39. Ra3 Re7 40. Rb3 1-0

[Event "Jermuk Asrian Memorial 3rd"]
[Site "Jermuk"]
[Date "2010.10.13"]
[Round "9"]
[White "Eranyan, Khachatur"]
[Black "Mnatsakanian, Eduard A"]
[Result "1/2-1/2"]
[WhiteElo "2120"]
[BlackElo "2256"]
[PlyCount "35"]
[EventDate "2010.10.05"]
[EventType "swiss"]
[EventRounds "9"]
[EventCountry "ARM"]
[SourceTitle "CBM 138 Extra"]
[Source "ChessBase"]
[SourceDate "2010.10.29"]
[SourceVersion "1"]
[SourceVersionDate "2010.10.29"]
[SourceQuality "1"]

1. d4 d5 2. c4 dxc4 3. Nf3 a6 4. a4 Nf6 5. e3 Bg4 6. Bxc4 e6 7. 0-0 Nc6 8. Nc3 Bd6 9. Be2 0-0 10. Kh1 Qe8 11. e4 Rd8 12. Be3 Bc5 13. e5 Nd5 14. Bd3 Be7 15. Nxd5 exd5 16. Rc1 f5 17. Bb1 Qh5 18. h3 1/2-1/2

[Event "Jermuk Asrian Memorial 3rd"]
[Site "Jermuk"]
[Date "2010.10.10"]
[Round "6"]
[White "Magalashvili, Davit"]
[Black "Mnatsakanian, Eduard A"]
[Result "1-0"]
[WhiteElo "2455"]
[BlackElo "2256"]
[PlyCount "105"]
[EventDate "2010.10.05"]
[EventType "swiss"]
[EventRounds "9"]
[EventCountry "ARM"]
[SourceTitle "CBM 138 Extra"]
[Source "ChessBase"]
[SourceDate "2010.10.29"]
[SourceVersion "1"]
[SourceVersionDate "2010.10.29"]
[SourceQuality "1"]

1. d4 d5 2. c4 c6 3. Nf3 Nf6 4. Qb3 dxc4 5. Qxc4 Bf5 6. g3 Qd5 7. Qb4 c5 8. Qxc5 Qxc5 9. dxc5 e6 10. Nc3 Bxc5 11. Bg2 Nc6 12. Nh4 Bg6 13. 0-0 Rc8 14. Nxg6 hxg6 15. Bf4 Ke7 16. Rac1 Rhd8 17. Bg5 Kf8 18. a3 Nd4 19. Bxb7 Rb8 20. Ba6 Nb3 21. Rcd1 Bd4 22. Na4 Bxf2+ 23. Kxf2 Ne4+ 24. Ke3 Nxg5 25. h4 Nh7 26. Bc4 Rxd1 27. Rxd1 Nf6 28. Rd6 Rb7 29. Ra6 e5 30. Kd3 Nd4 31. e4 Nd7 32. b4 Rc7 33. Nc3 Nb6 34. Nd5 Nxd5 35. exd5 f5 36. Rxg6 Nf3 37. Rc6 Rxc6 38. dxc6 Ke7 39. b5 Kd6 40. a4 Nd4 41. Bg8 Nf3 42. a5 Ne1+ 43. Kc3 Nf3 44. Bd5 Nd4 45. Kc4 Nc2 46. Bf7 Na3+ 47. Kb4 Nc2+ 48. Kb3 Ne3 49. Kc3 Nd1+ 50. Kd2 Nf2 51. b6 axb6 52. a6 Ne4+ 53. Ke1 1-0

[Event "Jermuk Asrian Memorial 3rd"]
[Site "Jermuk"]
[Date "2010.10.07"]
[Round "3"]
[White "Bagaturov, Giorgi"]
[Black "Mnatsakanian, Eduard A"]
[Result "1/2-1/2"]
[WhiteElo "2464"]
[BlackElo "2256"]
[PlyCount "48"]
[EventDate "2010.10.05"]
[EventType "swiss"]
[EventRounds "9"]
[EventCountry "ARM"]
[SourceTitle "CBM 138 Extra"]
[Source "ChessBase"]
[SourceDate "2010.10.29"]
[SourceVersion "1"]
[SourceVersionDate "2010.10.29"]
[SourceQuality "1"]

1. d4 d5 2. c4 e6 3. Nf3 Nf6 4. e3 c6 5. Bd3 Nbd7 6. Nbd2 c5 7. b3 Be7 8. Bb2 0-0 9. 0-0 b6 10. Qe2 Bb7 11. Rfd1 Ne4 12. dxc5 Nexc5 13. Bc2 Bf6 14. Nd4 Rc8 15. b4 Na6 16. a3 Qe7 17. Rac1 Nc7 18. e4 dxc4 19. Nxc4 Ne5 20. Bb3 Nxc4 21. Bxc4 Rfd8 22. Bb3 Ba6 23. Bc4 Bb7 24. Bb3 Ba6 1/2-1/2

[Event "Wch Seniors 18th"]
[Site "Bad Zwischenahn"]
[Date "2008.11.01"]
[Round "5"]
[White "Mnatsakanian, Eduard A"]
[Black "Cebalo, Miso"]
[Result "0-1"]
[WhiteElo "2293"]
[BlackElo "2493"]
[PlyCount "48"]
[EventDate "2008.10.28"]
[EventType "swiss"]
[EventRounds "11"]
[EventCountry "GER"]
[SourceTitle "EXT 2009"]
[Source "ChessBase"]
[SourceDate "2008.11.26"]
[SourceVersion "1"]
[SourceVersionDate "2008.11.26"]
[SourceQuality "1"]

1. e4 c5 2. Nf3 d6 3. d4 cxd4 4. Nxd4 Nf6 5. Nc3 g6 6. Be3 Bg7 7. f3 0-0 8. Qd2 Nc6 9. Bc4 Bd7 10. 0-0-0 Ne5 11. Bb3 Rc8 12. Bg5 Nc4 13. Qd3 b5 14. f4 a6 15. h3 Rc5 16. g4 Qa8 17. Bxf6 Bxf6 18. Nd5 Re8 19. Nxf6+ exf6 20. Rhe1 Bc6 21. Nxc6 Qxc6 22. Bxc4 Rxc4 23. Qxd6 Rxc2+ 24. Kb1 Rc1+ 0-1

[Event "Yerevan op"]
[Site "Yerevan"]
[Date "1996.??.??"]
[Round "5"]
[White "Nadanian, Ashot S"]
[Black "Mnatsakanian, Eduard A"]
[Result "1-0"]
[WhiteElo "2345"]
[BlackElo "2390"]
[PlyCount "41"]
[EventDate "1996.??.??"]
[EventType "swiss"]
[EventRounds "11"]
[EventCountry "ARM"]
[SourceTitle "CBM 052 Extra"]
[Source "ChessBase"]
[SourceDate "1996.07.01"]
[SourceVersion "1"]
[SourceVersionDate "1996.07.01"]
[SourceQuality "1"]

1. e4 e5 2. Nf3 Nc6 3. Bb5 a6 4. Bxc6 dxc6 5. 0-0 f6 6. d4 Bg4 7. c3 exd4 8. cxd4 Bxf3 9. Qxf3 Qxd4 10. Rd1 Qc4 11. Bf4 Qf7 12. Nc3 Rd8 13. Rxd8+ Kxd8 14. Rd1+ Kc8 15. e5 Qe6 16. Qd3 Be7 17. Qe3 b6 18. exf6 Qxe3 19. fxg7 Qxf4 20. gxh8Q Qf7 21. Qe5 1-0

[Event "ARM-ch"]
[Site "Yerevan"]
[Date "1994.??.??"]
[Round "?"]
[White "Mnatsakanian, Eduard A"]
[Black "Manukian, Lernik"]
[Result "1-0"]
[WhiteElo "2390"]
[BlackElo "2345"]
[PlyCount "95"]
[EventDate "1994.??.??"]
[EventType "tourn"]
[EventRounds "11"]
[EventCountry "ARM"]
[EventCategory "6"]
[SourceTitle "EXT 2003"]
[Source "ChessBase"]
[SourceDate "2002.11.25"]
[SourceVersion "1"]
[SourceVersionDate "2002.11.25"]
[SourceQuality "1"]

1. e4 c5 2. Nf3 Nc6 3. d4 cxd4 4. Nxd4 e6 5. Nc3 d6 6. g3 Nf6 7. Bg2 Bd7 8. 0-0 Be7 9. Re1 0-0 10. Be3 Ne5 11. h3 a6 12. a4 Rc8 13. Qe2 Nc4 14. Bc1 Qc7 15. b3 Qa5 16. Nd1 Ne5 17. Ba3 Ng6 18. Ne3 d5 19. Bxe7 Nxe7 20. exd5 exd5 21. Red1 Qc3 22. Rab1 Rcd8 23. Qf3 Qc8 24. Kh2 Ne4 25. Rd3 f5 26. Rf1 Kh8 27. Ne2 Bc6 28. Rd4 g5 29. Nd1 f4 30. g4 Ng6 31. Ng1 Qc7 32. Kh1 Qg7 33. c3 Rde8 34. Qd3 Ne5 35. Qe2 h5 36. Bf3 h4 37. Qc2 Qh7 38. Kg2 Qg7 39. Qb2 Rc8 40. Re1 Qh7 41. c4 Nxf3 42. Nxf3 Nf6 43. cxd5 Bd7 44. Rde4 Qg8 45. Re5 Rc5 46. Rxg5 Qf7 47. Rge5 Rg8 48. Qd4 1-0

[Event "ARM-ch"]
[Site "Yerevan"]
[Date "1994.??.??"]
[Round "?"]
[White "Mnatsakanian, Eduard A"]
[Black "Yegiazarian, Arsen"]
[Result "1/2-1/2"]
[WhiteElo "2390"]
[BlackElo "2400"]
[PlyCount "116"]
[EventDate "1994.??.??"]
[EventType "tourn"]
[EventRounds "11"]
[EventCountry "ARM"]
[EventCategory "6"]
[SourceTitle "EXT 2003"]
[Source "ChessBase"]
[SourceDate "2002.11.25"]
[SourceVersion "1"]
[SourceVersionDate "2002.11.25"]
[SourceQuality "1"]

1. e4 c5 2. Nf3 Nc6 3. d4 cxd4 4. Nxd4 Nf6 5. Nc3 d6 6. Bg5 e6 7. Qd2 Be7 8. 0-0-0 0-0 9. Nb3 Qb6 10. f3 Rd8 11. Be3 Qc7 12. Qf2 d5 13. exd5 Nxd5 14. Nxd5 Rxd5 15. Rxd5 exd5 16. g4 Bf6 17. Kb1 Be6 18. Nd4 Nxd4 19. Bxd4 Qf4 20. Bxf6 Qxf6 21. Qg3 d4 22. Bd3 Bd5 23. Rf1 Re8 24. g5 Qe6 25. b3 g6 26. Qh4 Qe3 27. f4 Bg2 28. Rc1 Bh3 29. Qg3 Qxg3 30. hxg3 Re3 31. Rg1 Kg7 32. Kc1 f6 33. gxf6+ Kxf6 34. Kd2 Bf5 35. Be2 Bxc2 36. Rc1 Be4 37. g4 Rg3 38. Rc5 h6 39. Rc4 Rg2 40. Ke1 d3 41. Bd1 Bc6 42. Rd4 Rxa2 43. Rxd3 Rh2 44. Rd6+ Kg7 45. Be2 Rh3 46. Bd3 Be4 47. Bc4 h5 48. Rd7+ Kf8 49. f5 gxf5 50. gxf5 Ke8 51. Be6 Rf3 52. Ke2 Bxf5 53. Kxf3 Bxe6 54. Rd3 h4 55. b4 h3 56. Kg3 Bd7 57. Rd2 Kd8 58. Rc2 b6 1/2-1/2

[Event "ARM-ch"]
[Site "Yerevan"]
[Date "1994.??.??"]
[Round "?"]
[White "Nalbandian, Tigran"]
[Black "Mnatsakanian, Eduard A"]
[Result "1-0"]
[WhiteElo "2485"]
[BlackElo "2390"]
[PlyCount "81"]
[EventDate "1994.??.??"]
[EventType "tourn"]
[EventRounds "11"]
[EventCountry "ARM"]
[EventCategory "6"]
[SourceTitle "EXT 2003"]
[Source "ChessBase"]
[SourceDate "2002.11.25"]
[SourceVersion "1"]
[SourceVersionDate "2002.11.25"]
[SourceQuality "1"]

1. Nf3 d5 2. g3 c6 3. Bg2 Nf6 4. 0-0 Bf5 5. c4 e6 6. b3 Nbd7 7. d3 h6 8. Bb2 Bh7 9. Nbd2 Bc5 10. a3 a5 11. Bc3 0-0 12. b4 axb4 13. axb4 Bd6 14. Qb3 Qe7 15. Bh3 Rfe8 16. Rfe1 Rxa1 17. Rxa1 e5 18. c5 Bb8 19. Nh4 e4 20. e3 exd3 21. Nf5 Bxf5 22. Bxf5 Ne4 23. Nxe4 dxe4 24. Ra8 Nf8 25. Qb2 Rd8 26. Ra1 Rd5 27. Bc8 f6 28. Kf1 Be5 29. Bxe5 Rxe5 30. Qa2+ Kh7 31. Qa8 Qf7 32. Bxb7 Qh5 33. Bxc6 f5 34. Kg1 Ne6 35. Be8 Qg5 36. Bf7 Nd8 37. h4 Qf6 38. Ra6 d2 39. Bb3 Re6 40. Rxe6 Nxe6 41. Qd5 1-0

[Event "Katowice Fibak op"]
[Site "Katowice"]
[Date "1993.??.??"]
[Round "8"]
[White "Pazdzior, Jaroslaw"]
[Black "Mnatsakanian, Eduard A"]
[Result "1/2-1/2"]
[WhiteElo "2220"]
[BlackElo "2405"]
[PlyCount "110"]
[EventDate "1993.01.??"]
[EventType "swiss"]
[EventRounds "9"]
[EventCountry "POL"]
[SourceTitle "EXT 1998"]
[Source "ChessBase"]
[SourceDate "1997.11.17"]
[SourceVersion "1"]
[SourceVersionDate "1997.11.17"]
[SourceQuality "1"]

1. e4 c5 2. c3 Nf6 3. e5 Nd5 4. d4 cxd4 5. Nf3 Nc6 6. Bc4 Nb6 7. Bb3 d5 8. exd6 Qxd6 9. 0-0 Be6 10. Bxe6 Qxe6 11. Nxd4 Nxd4 12. Qxd4 Rd8 13. Qf4 g6 14. Na3 Bg7 15. Be3 0-0 16. Bc5 Nd5 17. Qc4 Rc8 18. Rad1 Rfd8 19. Qb5 a6 20. Qxb7 Rxc5 21. c4 Qc8 22. Qxc8 Rcxc8 23. cxd5 Bxb2 24. Nb1 Rc2 25. f4 Rc5 26. Rf2 Bc1 27. Re2 e6 28. Ree1 Bxf4 29. dxe6 Be3+ 30. Kf1 Rxd1 31. exf7+ Kxf7 32. Rxd1 Rc2 33. Rd3 Rf2+ 34. Ke1 Rxg2 35. Rxe3 Rg1+ 36. Kf2 Rxb1 37. Ra3 Rb6 38. h4 Rf6+ 39. Kg3 h5 40. Ra5 Ke7 41. Ra3 Kd7 42. Ra4 Kc7 43. Rf4 Rc6 44. Re4 Kd6 45. Kf4 Rc5 46. Rd4+ Kc6 47. Re4 Kb5 48. Re5 a5 49. Rxc5+ Kxc5 50. Kg5 Kd5 51. Kxg6 Ke6 52. Kxh5 Kf6 53. Kg4 a4 54. a3 Kg6 55. Kf4 Kh5 1/2-1/2

[Event "Katowice op"]
[Site "Katowice"]
[Date "1992.??.??"]
[Round "5"]
[White "Mnatsakanian, Eduard A"]
[Black "Ibragimov, Ildar"]
[Result "1/2-1/2"]
[WhiteElo "2415"]
[BlackElo "2515"]
[PlyCount "125"]
[EventDate "1992.01.28"]
[EventType "swiss"]
[EventRounds "9"]
[EventCountry "POL"]
[SourceTitle "TD"]
[Source "ChessBase"]
[SourceDate "1994.03.01"]
[SourceVersion "1"]
[SourceVersionDate "1994.03.01"]
[SourceQuality "1"]

1. e4 e5 2. Nf3 Nc6 3. Bb5 a6 4. Ba4 Nf6 5. d4 exd4 6. e5 Ne4 7. 0-0 Nc5 8. Bxc6 dxc6 9. Nxd4 Ne6 10. Nf5 Qxd1 11. Rxd1 Bd7 12. Be3 0-0-0 13. Nc3 h5 14. Nd4 Re8 15. Nxe6 Bxe6 16. Rd2 Bf5 17. Rad1 Bb4 18. Bf4 Rd8 19. Kf1 Bxc3 20. bxc3 Bxc2 21. Rxd8+ Rxd8 22. Rxd8+ Kxd8 23. Ke2 Kd7 24. Kd2 Bb1 25. a3 Ke6 26. h4 c5 27. g3 c6 28. c4 Ba2 29. Kc3 b5 30. Be3 Bxc4 31. Bxc5 Kxe5 32. Kb4 Kd5 33. Bf8 g6 34. Be7 Be2 35. Bd8 c5+ 36. Kc3 Bg4 37. Ba5 Bf5 38. Bd8 Ke4 39. Bb6 Kd5 40. Bd8 Be6 41. Ba5 f6 42. Bd8 Bd7 43. Bxf6 a5 44. Bd8 b4+ 45. Kb2 a4 46. Bb6 Kc4 47. Ba7 Be6 48. Bb6 Kd5 49. Ba5 Ke4 50. axb4 c4 51. b5 Kd3 52. Ka3 c3 53. Bb6 c2 54. Be3 Ke2 55. b6 Bc8 56. Kxa4 Kd1 57. Kb4 c1Q 58. Bxc1 Kxc1 59. Kc3 Kd1 60. Kd3 Ke1 61. Ke3 Kf1 62. f3 Kg2 63. Kf4 1/2-1/2

[Event "Budapest Spring op 07th"]
[Site "Budapest"]
[Date "1991.??.??"]
[Round "3"]
[White "Farago, Sandor"]
[Black "Mnatsakanian, Eduard A"]
[Result "0-1"]
[WhiteElo "2410"]
[BlackElo "2425"]
[PlyCount "72"]
[EventDate "1991.03.??"]
[EventType "swiss"]
[EventRounds "9"]
[EventCountry "HUN"]
[SourceTitle "TD"]
[Source "ChessBase"]
[SourceDate "1994.03.01"]
[SourceVersion "1"]
[SourceVersionDate "1994.03.01"]
[SourceQuality "1"]

1. c4 e5 2. Nc3 Nc6 3. g3 g6 4. Bg2 Bg7 5. e3 d6 6. Nge2 Nge7 7. 0-0 0-0 8. d3 Bg4 9. h3 Be6 10. Nd5 Qd7 11. Kh2 Nd8 12. d4 c6 13. Nxe7+ Qxe7 14. d5 cxd5 15. cxd5 Bd7 16. Bd2 Bb5 17. Bc3 f5 18. Re1 Nf7 19. f4 Rac8 20. Qd2 Rfe8 21. Ng1 e4 22. Bxg7 Kxg7 23. Rac1 h5 24. h4 Nh6 25. Nh3 Ng4+ 26. Kg1 Nf6 27. Bf1 Bxf1 28. Rxf1 Qf7 29. Rfd1 Rxc1 30. Qxc1 Qd7 31. Ng5 Rc8 32. Qd2 Qb5 33. b3 Qb6 34. Kg2 Ng4 35. Qb2+ Kg8 36. Ne6 Rc2+ 0-1

[Event "Budapest Spring op 06th"]
[Site "Budapest"]
[Date "1990.??.??"]
[Round "9"]
[White "Mnatsakanian, Eduard A"]
[Black "Utasi, Tamas"]
[Result "1-0"]
[WhiteElo "2415"]
[BlackElo "2315"]
[PlyCount "43"]
[EventDate "1990.03.??"]
[EventType "swiss"]
[EventRounds "9"]
[EventCountry "HUN"]
[SourceTitle "CBM 017 Extra"]
[Source "ChessBase"]
[SourceDate "1990.09.01"]
[SourceVersion "1"]
[SourceVersionDate "1990.09.01"]
[SourceQuality "1"]

1. e4 d5 2. exd5 Qxd5 3. Nc3 Qd6 4. d4 Nf6 5. Nf3 a6 6. Bd3 Nc6 7. 0-0 Bg4 8. Be3 0-0-0 9. h3 Bxf3 10. Qxf3 e5 11. Ne4 Nxe4 12. Bxe4 exd4 13. Rad1 Qc5 14. Bxc6 bxc6 15. Qxf7 Qe5 16. Bf4 Qe7 17. Qc4 Qf6 18. Qxa6+ Kd7 19. Qa7 Qxf4 20. Rxd4+ Qd6 21. Rfd1 Re8 22. c4 1-0

[Event "Budapest Spring op 06th"]
[Site "Budapest"]
[Date "1990.??.??"]
[Round "4"]
[White "Poldauf, Dirk"]
[Black "Mnatsakanian, Eduard A"]
[Result "1/2-1/2"]
[WhiteElo "2330"]
[BlackElo "2415"]
[PlyCount "41"]
[EventDate "1990.03.??"]
[EventType "swiss"]
[EventRounds "9"]
[EventCountry "HUN"]
[SourceTitle "CBM 017 Extra"]
[Source "ChessBase"]
[SourceDate "1990.09.01"]
[SourceVersion "1"]
[SourceVersionDate "1990.09.01"]
[SourceQuality "1"]

1. c4 e5 2. Nc3 Nc6 3. Nf3 Bb4 4. g3 Nf6 5. Bg2 0-0 6. 0-0 Re8 7. d3 Bxc3 8. bxc3 e4 9. Ng5 exd3 10. exd3 d6 11. Rb1 Ne5 12. Rb2 Rb8 13. f3 b6 14. Ne4 Nxe4 15. fxe4 Bg4 16. Qd2 Qd7 17. Qe3 Bh3 18. Rbf2 Bxg2 19. Rxg2 Qe6 20. g4 c6 21. Rg3 1/2-1/2

[Event "Warsaw op"]
[Site "Warsaw"]
[Date "1989.??.??"]
[Round "?"]
[White "Bany, Jerzy"]
[Black "Mnatsakanian, Eduard A"]
[Result "0-1"]
[WhiteElo "2440"]
[BlackElo "2395"]
[PlyCount "56"]
[EventDate "1989.04.??"]
[EventType "swiss"]
[EventRounds "9"]
[EventCountry "POL"]
[SourceTitle "EXT 1997"]
[Source "ChessBase"]
[SourceDate "1996.11.15"]
[SourceVersion "1"]
[SourceVersionDate "1996.11.15"]
[SourceQuality "1"]

1. d4 d5 2. Nf3 Nf6 3. c4 c6 4. e3 e6 5. Nc3 Nbd7 6. Qc2 Bd6 7. Be2 0-0 8. 0-0 dxc4 9. Bxc4 e5 10. h3 Qe7 11. Bb3 Kh8 12. Re1 e4 13. Ng5 Nb6 14. Ngxe4 Bf5 15. f3 Bb4 16. Rf1 Bxc3 17. bxc3 Nbd5 18. c4 Nb4 19. Qd1 Nxe4 20. fxe4 Bxe4 21. Bd2 f5 22. Qh5 Rf6 23. Bd1 Rg6 24. Rf3 Rh6 25. Bxb4 Qxb4 26. Qf7 Rf6 27. Qd7 Qb2 28. Rg3 Rg6 0-1